|
|
|
|
| LEADER |
01038nam a2200289 a 4500 |
| 001 |
1036 |
| 003 |
BD-DhAAL |
| 005 |
20150416114221.0 |
| 008 |
150416s1995 iauab b 001 0 eng |
| 010 |
|
|
|a 94070116
|
| 020 |
|
|
|a 0697158934
|
| 020 |
|
|
|a 0697158942
|
| 040 |
|
|
|a DLC
|c DLC
|d BD-DhAAL
|
| 050 |
0 |
4 |
|a GE105
|b .C86 1995
|
| 082 |
0 |
0 |
|a 363.7
|2 20
|
| 100 |
1 |
|
|a Cunningham, William P.
|9 10470
|
| 245 |
1 |
0 |
|a Environmental science :
|b a global concern /
|c William P. Cunningham, Barbara Woodworth Saigo.
|
| 250 |
|
|
|a 3rd ed.
|
| 260 |
|
|
|a Dubuque, IA :
|b Wm. C. Brown Publishers,
|c c1995.
|
| 300 |
|
|
|a xxi, 612 p. :
|b ill. (some col.), col. maps ;
|c 29 cm.
|
| 504 |
|
|
|a Includes bibliographical references and index.
|
| 541 |
|
|
|e 1036
|
| 650 |
|
0 |
|a Environmental sciences.
|9 6546
|
| 700 |
1 |
|
|a Saigo, Barbara Woodworth.
|9 10471
|
| 942 |
|
|
|2 ddc
|c BK
|
| 999 |
|
|
|c 34253
|d 34253
|
| 952 |
|
|
|0 0
|1 0
|2 ddc
|4 0
|6 363_700000000000000_CUN
|7 0
|9 53474
|a SCL
|b SCL
|c GEN
|d 2015-04-16
|e NSU Bookshop
|l 1
|o 363.7 CUN
|p 3020001036
|r 2022-04-25
|s 2022-03-10
|w 2015-04-16
|y BK
|